000 00344nam a2200133Ia 4500
008 240624s9999 xx 000 0 und d
041 _aeng
082 _a387.71 MIL
100 _aMILLER FREDERIC P
245 _aLOW COST CARRIER NO FRILLS DISCOUNTS AND
260 _c2009
_aGermany
_bAlphascript Publishing
300 _a128 : p.
365 _cRS
999 _c15960
_d15960